000 00672nam a2200217 a 4500
001 62946
003 BD-RjUL
005 20211209081138.0
008 170126s 1955fae 000 0 eng
035 _a(BD-RjUL)63074
040 _aDLC
_cDLC
_dBD-RjUL
_beng
041 _aeng
082 0 0 _a814
_223
_bFAE 1965
100 1 _aFaulkner, William,
_d1897-1962.
_9185675
245 1 0 _aEssays, speeches & public letters /
_cWilliam Faulkner, Edited by James B. Meriwether.
260 _aNew York :
_bRandom House
_cc1955-1965
300 _axv, 233 p. ;
_c21 cm.
650 _aAmerican essays in english
_9188155
700 1 _aMeriwether, James B.,
_eed.
_9187207
942 _2ddc
_cBK
999 _c62946
_d62946